00710cam a2200229 a 4500001000800000005001700008008004100025010001700066020001500083040001800098041000800116080001400124082002100138100000700159101000800166245007700174504003900251906004500290942001200335999001700347952011600364473282220180206034350.0840629s1985 maua b 001 0 eng  a 84015412  a0534041078 aDLCcDLCdDLC aeng a658.4030 00a658.4030 DAV2191 a54 aLID10aBusiness research for decision making /cDuane Davis, Robert M. Cosenza. aIncludes bibliographies and index. a7bcbccorignewd1eocipf19gy-gencatlg 2ddccBK c41854d41854 00102udc40708PËKGa002b002cPËKGd2018-02-06l0o658.4030 DAVp002-2997198r2018-02-06w2018-02-06yBK